Bharatar banaria jantu (Record no. 9147)

MARC details
000 -LEADER
fixed length control field 00513cam a2200205ua 4500
001 - CONTROL NUMBER
control field 10159
005 - DATE AND TIME OF LATEST TRANSACTION
control field 20260515114556.0
008 - FIXED-LENGTH DATA ELEMENTS--GENERAL INFORMATION
fixed length control field 170818n ii |||gr||||Z||||||asm
040 ## - CATALOGING SOURCE
Transcribing agency MAIN
041 ## - LANGUAGE CODE
Language code of text/sound track or separate title asm
082 ## - DEWEY DECIMAL CLASSIFICATION NUMBER
Classification number 590
100 ## - MAIN ENTRY--PERSONAL NAME
Personal name Gogoi, Phatick Chandra,
Relator term Author.
245 ## - TITLE STATEMENT
Title Bharatar banaria jantu
Statement of responsibility, etc. By Phatick Chandra Gogoi
250 ## - EDITION STATEMENT
Edition statement 3rd ed.
260 ## - PUBLICATION, DISTRIBUTION, ETC.
Place of publication, distribution, etc. Guwahati:
Name of publisher, distributor, etc. Publication board Assam,
Date of publication, distribution, etc. 2003.
300 ## - PHYSICAL DESCRIPTION
Extent 458p.
653 ## - INDEX TERM--UNCONTROLLED
Uncontrolled term Animals (Zoology)
653 ## - INDEX TERM--UNCONTROLLED
Uncontrolled term Wild animals
942 ## - ADDED ENTRY ELEMENTS (KOHA)
Koha item type Books
Holdings
Withdrawn status Lost status Damaged status Not for loan Home library Current library Shelving location Date acquired Total checkouts Full call number Barcode Date last seen Copy number Price effective from Koha item type
        Naharkatiya College Library Naharkatiya College Library General stacks 09/19/2020   590Animals | GOG 16511 09/19/2020 1 09/19/2020 Books